Short Name Elements - One Minute Sprint - Statistics

General Stats
  • This quiz has been taken 35 times
  • The average score is 8 of 10
Answer Stats
# element % Correct
4 Gold
85%
3 Tin
85%
4 Iron
81%
4 Neon
81%
5 Boron
78%
4 Lead
78%
5 Argon
74%
4 Zinc
74%
5 Xenon
67%
5 Radon
56%
No matching quizzes found
Score Distribution
Percent of People with Each Score
Percentile by Number Answered
Your Score History
You have not taken this quiz